[Event "51st World Juniors"]
[Site "Athens GRE"]
[Date "2012.08.03"]
[Round "2.3"]
[White "Valsecchi, Alessio"]
[Black "Zherebukh, Yaroslav"]
[Result "1-0"]
[WhiteTitle "IM"]
[BlackTitle "GM"]
[WhiteElo "2427"]
[BlackElo "2629"]
[WhiteFideId "818860"]
[BlackFideId "14116804"]
[EventDate "2012.08.02"]

1. e4 c5 2. c3 Nf6 3. e5 Nd5 4. Nf3 Nc6 5. Bc4 Nb6 6. Bb3 c4 7. Bc2 d5 8. exd6
Bg4 9. Qe2 Qxd6 10. O-O Qe6 11. Qe3 Bf5 12. Na3 Qxe3 13. fxe3 Bxc2 14. Nxc2 e5
15. b3 f6 16. e4 Bc5+ 17. Kh1 O-O-O 18. b4 Be7 19. a4 a5 20. Ba3 Rd7 21. Rfb1
Bd8 22. Ne3 Kb8 23. Ra2 Rd3 24. bxa5 Nxa5 25. Bb4 Nc6 26. a5 Nd7 27. Nxc4 Nxb4
28. Rxb4 Be7 29. Rb1 Rc8 30. Ne1 Rxc3 31. dxc3 Rxc4 32. Rab2 b6 33. axb6 Rxc3
34. Rc2 Rxc2 35. Nxc2 Kb7 36. Ne3 Bc5 37. Nd5 Nxb6 38. g3 Kc6 39. Nxb6 Bxb6 40.
Kg2 h5 41. Kh3 g6 42. g4 hxg4+ 43. Kxg4 Bd8 44. Rd1 Be7 45. Rd3 Bd6 46. Rf3 Be7
47. Rh3 Kc5 48. Rh7 Bd6 49. h4 1-0

[Event "51st World Juniors"]
[Site "Athens GRE"]
[Date "2012.08.03"]
[Round "2.4"]
[White "Rapport, Richard"]
[Black "Wei, Yi"]
[Result "0-1"]
[WhiteTitle "GM"]
[BlackTitle "FM"]
[WhiteElo "2605"]
[BlackElo "2418"]
[WhiteFideId "738590"]
[BlackFideId "8603405"]
[EventDate "2012.08.02"]

1. d4 Nf6 2. c4 e6 3. Nc3 Bb4 4. e3 O-O 5. Ne2 c6 6. a3 Ba5 7. b4 Bc7 8. Bb2 d5
9. Ng3 Re8 10. f4 b6 11. Be2 dxc4 12. Bxc4 Nd5 13. Qd2 Nd7 14. O-O N7f6 15. Nge2
Bb7 16. e4 Nxc3 17. Nxc3 c5 18. e5 cxd4 19. Nb5 Ne4 20. Qe1 a6 21. Nxd4 b5 22.
Bb3 Bb6 23. Rd1 Re7 24. Kh1 Rd7 25. Qe3 Kh8 26. f5 exf5 27. Rxf5 Rc8 28. e6 fxe6
29. Bxe6 Rc2 30. Bxd7 Rxb2 31. Qf4 Nf6 32. Nf3 Qxd7 33. Qb8+ Ng8 34. Rf1 Qxf5
35. Qxb7 Rb1 0-1

[Event "51st World Juniors"]
[Site "Athens GRE"]
[Date "2012.08.03"]
[Round "2.5"]
[White "Firat, Burak"]
[Black "Shimanov, Aleksandr"]
[Result "1/2-1/2"]
[WhiteTitle "IM"]
[BlackTitle "GM"]
[WhiteElo "2423"]
[BlackElo "2596"]
[WhiteFideId "6305881"]
[BlackFideId "4198603"]
[EventDate "2012.08.02"]

1. e4 e6 2. d4 d5 3. Nc3 Bb4 4. e5 c5 5. a3 Bxc3+ 6. bxc3 Ne7 7. Qg4 cxd4 8.
Qxg7 Rg8 9. Qxh7 Qc7 10. Rb1 Qxe5+ 11. Ne2 dxc3 12. h4 d4 13. Bf4 Qf5 14. Qxf5
Nxf5 15. g4 Rxg4 16. Bg5 Nc6 17. f3 Rxg5 18. hxg5 Ne3 19. Rh8+ Ke7 20. Kf2 Nxc2
21. Rc1 Nxa3 22. Nxd4 Nxd4 23. Rxc3 Nab5 24. Rcxc8 Rxc8 25. Rxc8 Nd6 26. Ra8 a6
27. Bd3 e5 28. Kg3 Ne6 29. Kg4 Nc5 30. Bf5 Na4 1/2-1/2

[Event "51st World Juniors"]
[Site "Athens GRE"]
[Date "2012.08.03"]
[Round "2.6"]
[White "Ipatov, Alexander"]
[Black "Mazur, Stefan"]
[Result "1-0"]
[WhiteTitle "GM"]
[BlackTitle "IM"]
[WhiteElo "2577"]
[BlackElo "2394"]
[WhiteFideId "14116731"]
[BlackFideId "14909332"]
[EventDate "2012.08.02"]

1. d4 d5 2. c4 c6 3. e3 Nf6 4. Bd3 Bg4 5. Ne2 e6 6. Nbc3 Nbd7 7. Qb3 dxc4 8.
Bxc4 b5 9. Bd3 Bd6 10. f3 Bh5 11. e4 e5 12. Be3 O-O 13. O-O-O a5 14. g4 a4 15.
Qc2 Bxg4 16. fxg4 Nxg4 17. Bg1 Qa5 18. Ng3 b4 19. Nf5 bxc3 20. Nxd6 cxb2+ 21.
Kb1 Qb4 22. Nc4 a3 23. h3 Ngf6 24. dxe5 Nh5 25. Qd2 Qxd2 26. Rxd2 Nf4 27. Bc2
Rfd8 28. Be3 Ne6 29. Rhd1 1-0

[Event "51st World Juniors"]
[Site "Athens GRE"]
[Date "2012.08.03"]
[Round "2.7"]
[White "Ghosh, Diptayan"]
[Black "Ter-Sahakyan, Samvel"]
[Result "0-1"]
[WhiteTitle "FM"]
[BlackTitle "GM"]
[WhiteElo "2417"]
[BlackElo "2567"]
[WhiteFideId "5045207"]
[BlackFideId "13302531"]
[EventDate "2012.08.02"]

1. c4 e5 2. g3 f5 3. Bg2 Nf6 4. Nc3 g6 5. e3 Nc6 6. Nge2 Bg7 7. O-O d6 8. Rb1
Ne7 9. d3 g5 10. f4 gxf4 11. exf4 O-O 12. b4 Ng4 13. h3 Nf6 14. Be3 Ng6 15. Qd2
Kh8 16. fxe5 dxe5 17. Bg5 Rb8 18. h4 Qd7 19. Bh3 Ne7 20. Rbe1 b6 21. d4 Bb7 22.
d5 Rbd8 23. Rd1 a6 24. a4 b5 25. axb5 axb5 26. cxb5 Qd6 27. Rb1 f4 28. gxf4
Nexd5 29. Nxd5 Bxd5 30. Qe3 Rde8 31. Qc5 h6 32. Qxd6 cxd6 33. Bxf6 Bxf6 34. Rf2
exf4 35. Rd1 Rg8+ 36. Kf1 Bc4 37. Rxd6 f3 0-1

[Event "51st World Juniors"]
[Site "Athens GRE"]
[Date "2012.08.03"]
[Round "2.8"]
[White "Anwesh, Upadhyaya"]
[Black "Grandelius, Nils"]
[Result "1/2-1/2"]
[WhiteTitle "IM"]
[BlackTitle "GM"]
[WhiteElo "2374"]
[BlackElo "2562"]
[WhiteFideId "5028949"]
[BlackFideId "1710400"]
[EventDate "2012.08.02"]

1. c4 c5 2. g3 g6 3. Bg2 Bg7 4. Nc3 Nc6 5. Nf3 e6 6. d3 Nge7 7. Bg5 d5 8. O-O h6
9. Bd2 b6 10. a3 Bb7 11. Rb1 Nd4 12. cxd5 Nxf3+ 13. Bxf3 Nxd5 14. Nxd5 Bxd5 15.
Bxd5 exd5 16. Qc1 Rc8 17. e4 h5 18. exd5 O-O 19. Qc4 Qd7 20. Rfe1 b5 21. Qb3 a6
22. Rbc1 h4 23. Re4 h3 24. Bc3 Qf5 25. Rf4 Qxd3 26. Qd1 Qxd1+ 27. Rxd1 Rcd8 28.
Bxg7 Kxg7 29. Rf3 Rfe8 30. Kf1 Re5 31. d6 Rd7 32. g4 Re4 33. g5 Re5 34. Re3 Rxe3
35. fxe3 f6 36. e4 Kf7 37. gxf6 Kxf6 38. Rd5 Ke6 39. Rxc5 Rxd6 40. Ke2 Rd4 41.
Rc6+ Rd6 42. Rc5 Rd4 43. Rc6+ Rd6 44. Rc5 1/2-1/2

[Event "51st World Juniors"]
[Site "Athens GRE"]
[Date "2012.08.03"]
[Round "2.9"]
[White "Salem, A.R. Saleh"]
[Black "Baghdasaryan, Vahe"]
[Result "1-0"]
[WhiteTitle "GM"]
[BlackTitle "IM"]
[WhiteElo "2546"]
[BlackElo "2368"]
[WhiteFideId "9301348"]
[BlackFideId "13303139"]
[EventDate "2012.08.02"]

1. d4 d5 2. c4 c6 3. Nc3 Nf6 4. e3 e6 5. Nf3 Nbd7 6. Bd3 dxc4 7. Bxc4 b5 8. Bd3
Bd6 9. Bd2 Bb7 10. Ne2 a5 11. O-O O-O 12. Ng3 Re8 13. Rc1 Qb8 14. Qc2 c5 15.
dxc5 Rc8 16. Nd4 Nxc5 17. Bxb5 Bxg3 18. hxg3 Be4 19. Qxc5 Rxc5 20. Rxc5 e5 21.
Nf3 Qd6 22. Rfc1 h6 23. Be1 Ng4 24. a4 Qf6 25. Bd7 Bf5 26. Bc6 Rb8 27. e4 Bg6
28. Bd7 h5 29. Rc8+ Rxc8 30. Rxc8+ Kh7 31. Bd2 Bxe4 32. Ng5+ Kg6 33. Nxe4 Qe7
34. Bb5 h4 35. Rc6+ Kh5 36. gxh4 1-0

[Event "51st World Juniors"]
[Site "Athens GRE"]
[Date "2012.08.03"]
[Round "2.10"]
[White "Huschenbeth, Niclas"]
[Black "De Filomeno, Simone"]
[Result "1-0"]
[WhiteTitle "GM"]
[BlackTitle "FM"]
[WhiteElo "2532"]
[BlackElo "2358"]
[WhiteFideId "24604747"]
[BlackFideId "828688"]
[EventDate "2012.08.02"]

1. e4 c5 2. Nf3 Nc6 3. d4 cxd4 4. Nxd4 g6 5. c4 Bg7 6. Be3 Nf6 7. Nc3 Nxd4 8.
Bxd4 d6 9. Be2 O-O 10. O-O Bd7 11. f3 a5 12. a3 a4 13. c5 dxc5 14. Bxc5 Bc6 15.
Qxd8 Rfxd8 16. Rfd1 Kf8 17. Kf2 Nd7 18. Bb4 b6 19. Ke3 Bh6+ 20. f4 g5 21. g3
gxf4+ 22. gxf4 Ne5 23. Nd5 Ng6 24. Nxb6 Bxf4+ 25. Kf2 Rab8 26. Rxd8+ Rxd8 27.
Rd1 Rxd1 28. Bxd1 Bxh2 29. Bxa4 Bxe4 30. Nd7+ Kg7 31. Bc3+ f6 32. b4 h5 33. Nc5
Bd5 34. Bb3 Bxb3 35. Nxb3 h4 36. b5 Kf7 37. a4 Bg3+ 38. Kf3 e5 39. a5 f5 40. a6
e4+ 41. Kg2 Bb8 42. b6 Nf4+ 43. Kh1 Nd5 44. a7 Bxa7 45. bxa7 Nc7 46. Be5 Na8 47.
Nc5 Kg6 48. Kg2 Kh5 49. Ne6 Kg4 50. Nc7 f4 51. Nxa8 e3 52. Nb6 f3+ 53. Kf1 1-0

[Event "51st World Juniors"]
[Site "Athens GRE"]
[Date "2012.08.03"]
[Round "2.11"]
[White "Velten, Paul"]
[Black "Grigoryan, Karen H."]
[Result "1/2-1/2"]
[WhiteTitle "FM"]
[BlackTitle "IM"]
[WhiteElo "2366"]
[BlackElo "2529"]
[WhiteFideId "681091"]
[BlackFideId "13301004"]
[EventDate "2012.08.02"]

1. d4 Nf6 2. Nf3 e6 3. g3 b5 4. Bg2 Bb7 5. O-O c5 6. Nbd2 cxd4 7. Nb3 Be7 8.
Nbxd4 b4 9. a3 a5 10. axb4 axb4 11. Rxa8 Bxa8 12. Be3 O-O 13. Qa1 Be4 14. Rc1
Nd5 15. Bd2 Qc7 16. Qa2 Rc8 17. Nb5 Qb7 18. c4 Nb6 19. Ne1 Bxg2 20. Nxg2 Nc6 21.
b3 Ra8 22. Qc2 Ra5 23. Nf4 Nc8 24. Be3 Nd6 25. Nxd6 Bxd6 26. Nd3 Be7 27. Qd1 d6
28. f3 Ra3 29. Rb1 Qa8 30. Kf1 Bf6 31. Nf2 Qb8 32. Ne4 Be7 33. Bf4 e5 34. Be3
Ra5 35. Ra1 Ra3 36. Rb1 Ra5 37. Ra1 Ra3 38. Rb1 1/2-1/2

[Event "51st World Juniors"]
[Site "Athens GRE"]
[Date "2012.08.03"]
[Round "2.12"]
[White "Grover, Sahaj"]
[Black "Jacko, Vladimir2"]
[Result "1-0"]
[WhiteTitle "IM"]
[BlackTitle "FM"]
[WhiteElo "2516"]
[BlackElo "2349"]
[WhiteFideId "5021103"]
[BlackFideId "14915928"]
[EventDate "2012.08.02"]

1. e4 e5 2. Nf3 Nc6 3. Nc3 Nf6 4. Bb5 Bb4 5. d3 d6 6. O-O O-O 7. Bg5 Bxc3 8.
bxc3 Qe7 9. Re1 Nd8 10. d4 Ne6 11. Bd2 a6 12. Bd3 Nd7 13. g3 h6 14. Qe2 Qf6 15.
d5 Nec5 16. Nh4 Nb6 17. Qh5 g5 18. Ng2 Qg6 19. Qxg6+ fxg6 20. h4 Nxd3 21. cxd3
Rf3 22. Be3 g4 23. c4 Na4 24. d4 Kg7 25. c5 Rf7 26. Rac1 Bd7 27. c6 bxc6 28.
dxc6 Bc8 29. dxe5 dxe5 30. Rc4 Nb2 31. Rc3 Be6 32. Rb1 Nc4 33. Rb4 Nd6 34. Rc5
Bxa2 35. Rxe5 Kh7 36. Ra5 Bc4 37. e5 1-0

[Event "51st World Juniors"]
[Site "Athens GRE"]
[Date "2012.08.03"]
[Round "2.13"]
[White "Griffiths, Ryan Rhys"]
[Black "Holt, Conrad"]
[Result "1-0"]
[WhiteTitle "FM"]
[BlackTitle "IM"]
[WhiteElo "2362"]
[BlackElo "2498"]
[WhiteFideId "2502054"]
[BlackFideId "2034387"]
[EventDate "2012.08.02"]

1. c4 c6 2. g3 d5 3. Nf3 Bg4 4. Bg2 Nd7 5. cxd5 cxd5 6. Nc3 e6 7. Qb3 Ngf6 8.
O-O Nc5 9. Qb5+ Nfd7 10. d4 a6 11. Qb4 Nd3 12. Qxb7 Nxc1 13. Rfxc1 Be7 14. Na4
O-O 15. Rc7 Rb8 16. Qc6 Nf6 17. Rc1 e5 18. Nxe5 Bxe2 19. Nc3 Rxb2 20. Nxe2 Rxe2
21. Qxa6 Rd2 22. Qa5 Bd6 23. Qxd2 Bxc7 24. Nc6 Qd6 25. Qb4 Ra8 26. Ne7+ Kf8 27.
Qb7 Rxa2 28. Nc8 Qa3 29. Qxc7 Rxf2 30. Qc5+ Qxc5 31. dxc5 Rb2 32. c6 Ne8 33.
Bxd5 Rb8 34. Na7 Nc7 35. Bc4 Rb4 36. Nb5 Na8 37. c7 1-0

[Event "51st World Juniors"]
[Site "Athens GRE"]
[Date "2012.08.03"]
[Round "2.14"]
[White "Aggelis, Nikolaos"]
[Black "Heimann, Andreas"]
[Result "1-0"]
[WhiteTitle "FM"]
[BlackTitle "IM"]
[WhiteElo "2352"]
[BlackElo "2493"]
[WhiteFideId "4213220"]
[BlackFideId "24624632"]
[EventDate "2012.08.02"]

1. d4 Nf6 2. Nf3 g6 3. g3 Bg7 4. Bg2 d5 5. O-O O-O 6. Re1 c6 7. Nbd2 Bf5 8. c3
Re8 9. Nh4 Be6 10. Nhf3 Bf5 11. Nh4 Be6 12. Nhf3 h6 13. e4 dxe4 14. Nxe4 Nbd7
15. Nxf6+ exf6 16. b3 Qa5 17. Bb2 Rad8 18. Qc2 Nf8 19. c4 Qh5 20. Qc3 Re7 21. h3
f5 22. Qa5 b6 23. Qa3 Red7 24. Ne5 Bxe5 25. Rxe5 Nh7 26. Rae1 Ng5 27. d5 cxd5
28. cxd5 Rxd5 29. Rxd5 Bxd5 30. Bxd5 f4 31. Qd6 Ne6 32. Qxd8+ 1-0

[Event "51st World Juniors"]
[Site "Athens GRE"]
[Date "2012.08.03"]
[Round "2.15"]
[White "Oparin, Grigoriy"]
[Black "Stanciu, Alexandru-Ovidiu"]
[Result "1-0"]
[WhiteTitle "IM"]
[WhiteElo "2488"]
[BlackElo "2342"]
[WhiteFideId "24125890"]
[BlackFideId "1217674"]
[EventDate "2012.08.02"]

1. e4 e5 2. Nf3 Nc6 3. Bb5 a6 4. Ba4 Nf6 5. O-O Be7 6. Re1 b5 7. Bb3 d6 8. c3
O-O 9. h3 Na5 10. Bc2 c5 11. d4 Nd7 12. dxc5 dxc5 13. Nbd2 f6 14. Nh4 Nb6 15.
Qf3 Rf7 16. Nf5 Bf8 17. Nf1 Kh8 18. h4 Be6 19. h5 Qe8 20. N1e3 Rd7 21. Nh4 Qf7
22. Nef5 Rad8 23. Qg4 Qe8 24. Ng6+ Kg8 25. Nxf8 Kxf8 26. Qh4 Qf7 27. b3 Nb7 28.
h6 g5 29. Qh3 Qg6 30. a4 bxa4 31. bxa4 Nc4 32. Rb1 Nbd6 33. Qf3 g4 34. Qe2 Nxf5
35. exf5 Bxf5 36. Qxc4 Bxc2 37. Qxc5+ Kg8 38. Qc4+ Kh8 39. Rb6 g3 40. Qe2 Bd3
41. Qf3 Be4 42. Qxf6+ Qxf6 43. Rxf6 Rd1 44. Rf1 Kg8 45. Be3 Bc2 46. Bc5 Bxa4 47.
fxg3 Bb5 48. Rxd1 Rxd1+ 49. Kh2 Rf1 50. Re6 Kf7 51. Rxe5 Kg6 52. Be3 Rf5 53. Re4
Bc6 54. Rg4+ Kf6 55. Rg7 Be4 56. g4 Rd5 57. Kg3 Ke6 58. Ra7 Bd3 59. c4 Rd6 60.
Kf4 Rc6 61. c5 Kd5 62. Rd7+ Kc4 63. Rd6 Rc8 64. Rxa6 Rf8+ 65. Kg3 Re8 66. Bf2
Rg8 67. Rf6 Be2 68. c6 Kd5 69. c7 Bxg4 70. Kh2 Be6 71. Bg3 Ra8 72. Rf1 Kc6 73.
Rd1 Bd5 74. Be5 Rc8 75. g4 Bf3 76. Rd4 Kc5 77. Kg3 Bd5 78. g5 Rg8 79. Kh4 1-0

[Event "51st World Juniors"]
[Site "Athens GRE"]
[Date "2012.08.03"]
[Round "2.16"]
[White "Gemy, Jose Daniel"]
[Black "Cori, Jorge"]
[Result "0-1"]
[WhiteTitle "FM"]
[BlackTitle "GM"]
[WhiteElo "2345"]
[BlackElo "2487"]
[WhiteFideId "3301478"]
[BlackFideId "3802272"]
[EventDate "2012.08.02"]

1. d4 d5 2. Nf3 c6 3. g3 Nf6 4. Bg2 Bf5 5. O-O e6 6. c4 Nbd7 7. b3 Be7 8. Bb2 b5
9. Nbd2 bxc4 10. bxc4 Rb8 11. Bc3 O-O 12. Nh4 Be4 13. f3 Bg6 14. Nxg6 hxg6 15.
e4 g5 16. Kh1 g6 17. f4 gxf4 18. gxf4 Kg7 19. f5 exf5 20. exf5 Bd6 21. c5 Bc7
22. Qf3 Rh8 23. Bh3 g5 24. Rg1 Rh5 25. Qe3 g4 26. Qf3 Qh8 27. Rxg4+ Nxg4 28.
Qxg4+ Kf8 29. Kg2 Nf6 30. Qf3 Ke7 31. Re1+ Kd7 32. Re3 Qg7+ 33. Kf1 Rg8 34. Ke2
Rgh8 0-1

[Event "51st World Juniors"]
[Site "Athens GRE"]
[Date "2012.08.03"]
[Round "2.17"]
[White "Malikentzos, Sotirios"]
[Black "Shyam, Sundar M."]
[Result "1/2-1/2"]
[WhiteTitle "FM"]
[BlackTitle "IM"]
[WhiteElo "2337"]
[BlackElo "2486"]
[WhiteFideId "4215079"]
[BlackFideId "5019141"]
[EventDate "2012.08.02"]

1. Nf3 Nf6 2. c4 g6 3. Nc3 Bg7 4. g3 d5 5. cxd5 Nxd5 6. Bg2 Nb6 7. d4 Nc6 8. e3
O-O 9. O-O Re8 10. d5 Na5 11. Nd4 Bd7 12. a4 Rc8 13. Nb3 Nbc4 14. Nxa5 Nxa5 15.
e4 c6 16. Rb1 cxd5 17. Nxd5 e6 18. Ne3 b5 19. Bd2 Nc4 20. Nxc4 Rxc4 21. Ba5 Qc8
22. b3 Rc2 23. e5 Rc5 24. Bb4 Rxe5 25. Rc1 Qd8 26. Bd6 Rf5 27. Bc7 Qe7 28. g4
Rd5 29. Bxd5 exd5 30. Bg3 bxa4 31. Rc7 Qe6 32. bxa4 a6 33. f3 h5 34. Re1 Qb6+
35. Kh1 Rxe1+ 36. Qxe1 Bxa4 37. gxh5 gxh5 38. Rc8+ Kh7 39. Rb8 Qg6 40. Rb4 1/2-1/2

[Event "51st World Juniors"]
[Site "Athens GRE"]
[Date "2012.08.03"]
[Round "2.18"]
[White "Kovalev, Vladislav"]
[Black "Grandadam, Nicolas"]
[Result "1-0"]
[WhiteTitle "IM"]
[BlackTitle "FM"]
[WhiteElo "2485"]
[BlackElo "2333"]
[WhiteFideId "13504398"]
[BlackFideId "681806"]
[EventDate "2012.08.02"]

1. e4 e5 2. Nf3 Nc6 3. Bb5 a6 4. Ba4 Nf6 5. O-O Nxe4 6. d4 b5 7. Bb3 d5 8. dxe5
Be6 9. Nbd2 Be7 10. c3 Nc5 11. Bc2 d4 12. cxd4 Nxd4 13. Nxd4 Qxd4 14. Nf3 Qxd1
15. Rxd1 O-O 16. Nd4 Rfd8 17. Be3 Bd7 18. Rac1 Rac8 19. f4 Ne6 20. Nf5 Bf8 21.
Bb3 a5 22. g4 a4 23. Bd5 c5 24. Nd6 Bxd6 25. exd6 Nd4 26. Bxd4 cxd4 27. Rxc8
Bxc8 28. Rxd4 Bxg4 29. Kf2 Kf8 30. Bc6 Bd7 31. Bxd7 Rxd7 32. Ke3 Ke8 33. Ke4 a3
34. b4 Rd8 35. Rd3 Ra8 36. Kd5 Rc8 37. Rxa3 Rc4 38. Ra8+ Kd7 39. Ra7+ Ke8 40. a4
Rxb4 41. axb5 Rxb5+ 42. Kc6 Rb8 43. Re7+ 1-0

[Event "51st World Juniors"]
[Site "Athens GRE"]
[Date "2012.08.03"]
[Round "2.19"]
[White "Indjic, Aleksandar"]
[Black "Kleinman, Michael"]
[Result "1-0"]
[WhiteTitle "IM"]
[BlackTitle "FM"]
[WhiteElo "2481"]
[BlackElo "2330"]
[WhiteFideId "911925"]
[BlackFideId "2609479"]
[EventDate "2012.08.02"]

1. d4 Nf6 2. c4 g6 3. Nc3 d5 4. Nf3 Bg7 5. Bf4 O-O 6. e3 c5 7. dxc5 Qa5 8. Rc1
Nbd7 9. cxd5 Ne4 10. Nd4 Ndxc5 11. Bc4 e5 12. dxe6 Bxe6 13. Bxe6 fxe6 14. O-O
Bxd4 15. Nxe4 Bxe3 16. Bxe3 Nxe4 17. Qb3 Qd5 18. Qxd5 exd5 19. Rfd1 Rad8 20. f3
Nf6 21. Bxa7 Rf7 22. Bd4 h5 23. Re1 Re8 24. Rxe8+ Nxe8 25. Rc8 Re7 26. Rd8 Kf7
27. Rxd5 Nc7 28. Re5 Rd7 29. Bc3 Nd5 30. Bd2 Kf6 31. Re2 Rc7 32. h4 Kf5 33. Bg5
b5 34. Kf2 Rc6 35. Kg3 Re6 36. Rxe6 Kxe6 37. Bd2 b4 38. Kf2 Ke5 39. Ke2 Kd4 40.
b3 Kc5 41. Kd3 Nf6 42. Be3+ Kd5 43. Bd2 Kc5 44. Ke3 Nd5+ 45. Ke4 Nf6+ 46. Kf4
Kd4 47. Kg5 Nd5 48. Kxg6 Kd3 49. Bxb4 1-0

[Event "51st World Juniors"]
[Site "Athens GRE"]
[Date "2012.08.03"]
[Round "2.20"]
[White "Wageih, Kareim"]
[Black "Urkedal, Frode"]
[Result "0-1"]
[WhiteTitle "IM"]
[BlackTitle "IM"]
[WhiteElo "2332"]
[BlackElo "2473"]
[WhiteFideId "10604561"]
[BlackFideId "1506102"]
[EventDate "2012.08.02"]

1. d4 Nf6 2. Nf3 g6 3. c4 Bg7 4. Nc3 O-O 5. Bf4 d6 6. e3 c5 7. d5 Nh5 8. Bg5 h6
9. Bh4 g5 10. Nd2 Qb6 11. Rb1 Bf5 12. e4 Bg6 13. Bg3 Nd7 14. Be2 Nxg3 15. hxg3
f5 16. O-O Qa5 17. Qb3 Rab8 18. exf5 Bxf5 19. Rbd1 a6 20. Nf3 Qb4 21. Bd3 Bxd3
22. Rxd3 b5 23. cxb5 Qxb3 24. axb3 axb5 25. Re3 Rf7 26. Ra1 g4 27. Nh2 h5 28.
Ra7 Bd4 29. Re2 Nf6 30. Rexe7 Rxe7 31. Rxe7 Bxc3 32. bxc3 Nxd5 33. Rd7 Nxc3 34.
Rxd6 c4 35. b4 Na2 36. f3 Rc8 37. Nf1 c3 38. Ne3 Nxb4 39. fxg4 hxg4 40. Rg6+ Kf7
41. Rxg4 c2 42. Nxc2 Nxc2 43. Rg5 Rb8 44. Rc5 Na3 45. Rc3 b4 46. Rb3 Nc4 47. Kf2
Nd2 48. Rb2 b3 0-1

[Event "51st World Juniors"]
[Site "Athens GRE"]
[Date "2012.08.03"]
[Round "2.21"]
[White "Hansen, Eric"]
[Black "Codenotti, Marco"]
[Result "1/2-1/2"]
[WhiteTitle "IM"]
[BlackTitle "FM"]
[WhiteElo "2472"]
[BlackElo "2314"]
[WhiteFideId "2606771"]
[BlackFideId "800015"]
[EventDate "2012.08.02"]

1. e4 c5 2. Nf3 d6 3. d4 cxd4 4. Nxd4 Nf6 5. Nc3 a6 6. Be2 e5 7. Nb3 Be7 8. Be3
Be6 9. Nd5 Nbd7 10. Qd3 O-O 11. c4 b5 12. cxb5 axb5 13. O-O Ra4 14. Qxb5 Rxe4
15. Nc3 d5 16. Nxe4 Nxe4 17. f3 Nd6 18. Qa5 Qb8 19. Ba7 Qb7 20. Nc5 Nxc5 21.
Bxc5 Qxb2 22. Qc7 Nf5 23. Bxe7 Rc8 24. Qa7 Qxe2 25. Rae1 Qd2 26. Bc5 d4 27. Rxe5
Ne3 28. Rxe3 dxe3 29. Bxe3 Qxa2 30. Qxa2 Bxa2 31. Ra1 1/2-1/2

[Event "51st World Juniors"]
[Site "Athens GRE"]
[Date "2012.08.03"]
[Round "2.22"]
[White "Farid, Firman Syah"]
[Black "Pavlidis, Antonios"]
[Result "0-1"]
[WhiteTitle "CM"]
[BlackTitle "IM"]
[WhiteElo "2318"]
[BlackElo "2466"]
[WhiteFideId "7102526"]
[BlackFideId "4212312"]
[EventDate "2012.08.02"]

1. e4 c5 2. Nf3 e6 3. d4 cxd4 4. Nxd4 Nc6 5. Nc3 Qc7 6. Be2 a6 7. Be3 Nf6 8. O-O
Bb4 9. Na4 O-O 10. Nxc6 bxc6 11. Nb6 Rb8 12. Nxc8 Rfxc8 13. Bxa6 Rf8 14. Bd3 Bd6
15. f4 e5 16. f5 Rxb2 17. g4 h6 18. h4 Qa5 19. g5 hxg5 20. hxg5 Bc5 21. Bxc5
Qxc5+ 22. Kg2 Nh7 23. Qc1 Qd4 24. Rf3 d5 25. g6 Nf6 26. Qh1 Rfb8 27. Rh3 Kf8 28.
Rh8+ Ke7 29. Rxb8 Rxb8 30. Qg1 Qc3 31. Qa7+ Nd7 32. Rf1 Qd2+ 33. Qf2 Qg5+ 34.
Qg3 Qxg3+ 35. Kxg3 Ra8 36. exd5 cxd5 37. Bb5 Ra3+ 38. Rf3 Rxf3+ 39. Kxf3 f6 40.
a4 Kd6 41. c4 dxc4 42. Bxc4 Nb6 43. Bb5 Kc5 44. Ke4 Nc8 45. Bd7 Nd6+ 46. Kd3 Kb4
47. Ke3 Nb7 48. Bb5 Nc5 49. Bc6 Nxa4 50. Bxa4 Kxa4 51. Ke4 Kb5 52. Kd5 e4 53.
Ke6 e3 54. Kf7 e2 55. Kxg7 e1=Q 56. Kf7 Qe5 57. g7 Qxf5 0-1

[Event "51st World Juniors"]
[Site "Athens GRE"]
[Date "2012.08.03"]
[Round "2.23"]
[White "Potpara, Nikola"]
[Black "Antipov, Mikhail Al."]
[Result "1/2-1/2"]
[BlackTitle "IM"]
[WhiteElo "2201"]
[BlackElo "2462"]
[WhiteFideId "910058"]
[BlackFideId "4107012"]
[EventDate "2012.08.02"]

1. d4 Nf6 2. c4 e6 3. Nf3 c5 4. d5 b5 5. dxe6 fxe6 6. cxb5 d5 7. g3 Qa5+ 8. Nc3
d4 9. Qa4 Qb6 10. Nb1 Bb7 11. Na3 Nbd7 12. Nc4 Qd8 13. Bg5 Nb6 14. Nxb6 axb6 15.
Qc2 Be7 16. Bxf6 Bxf6 17. Bg2 Ra5 18. a4 Qa8 19. O-O Be4 20. Qb3 Bd5 21. Qc2 Be4
22. Qb3 Kf7 23. Ne1 Qd5 24. Qxd5 Bxd5 25. Bxd5 exd5 26. Nd3 Re8 27. Nf4 Re5 28.
h4 h6 29. Ra2 g5 30. hxg5 hxg5 31. b4 cxb4 32. Nd3 Re4 33. f3 b3 34. Rb2 Re8 35.
Ra1 Rea8 36. Rxb3 Rxa4 37. Rxa4 Rxa4 38. Kf2 Ke6 39. Rb1 Ra5 40. Rb2 Be7 41. Kg2 1/2-1/2

[Event "51st World Juniors"]
[Site "Athens GRE"]
[Date "2012.08.03"]
[Round "2.24"]
[White "Ladva, Ottomar"]
[Black "Baron, Tal"]
[Result "0-1"]
[BlackTitle "GM"]
[WhiteElo "2153"]
[BlackElo "2451"]
[WhiteFideId "4500024"]
[BlackFideId "2809958"]
[EventDate "2012.08.02"]

1. e4 c5 2. Nf3 Nc6 3. d4 cxd4 4. Nxd4 Qb6 5. Nb3 Nf6 6. Nc3 e6 7. Qe2 Bb4 8.
Bd2 O-O 9. a3 Be7 10. O-O-O d5 11. e5 Nd7 12. f4 a6 13. Qh5 Rd8 14. Bd3 Nf8 15.
Rhf1 f6 16. Rde1 Bd7 17. Qg4 Rac8 18. Qg3 f5 19. Kb1 d4 20. Ne2 a5 21. Nexd4
Nxd4 22. Be3 Ba4 23. Nxd4 Rxd4 24. c3 Rxd3 25. Bxb6 Rxg3 26. hxg3 Bb5 27. Rf2 a4
28. Rd1 Nd7 29. Ba5 Nc5 30. Bb4 Bd3+ 31. Ka1 Nb3+ 32. Ka2 Bd8 0-1

[Event "51st World Juniors"]
[Site "Athens GRE"]
[Date "2012.08.03"]
[Round "2.25"]
[White "Vaicekauskas, Gytis"]
[Black "Debashis, Das"]
[Result "0-1"]
[BlackTitle "IM"]
[WhiteElo "2079"]
[BlackElo "2446"]
[WhiteFideId "12805459"]
[BlackFideId "5024854"]
[EventDate "2012.08.02"]

1. e4 c5 2. Nf3 d6 3. c3 Nf6 4. Be2 Nbd7 5. d3 b6 6. Nbd2 Bb7 7. O-O e6 8. Re1
Be7 9. Bf1 O-O 10. g3 Rc8 11. Bg2 Qc7 12. h3 b5 13. Nh2 d5 14. f4 e5 15. f5 c4
16. dxc4 dxe4 17. cxb5 Nc5 18. Ng4 Nd3 19. Rf1 Rfd8 20. Nxf6+ Bxf6 21. Qe2 Bg5
22. Rd1 Qb6+ 23. Kf1 Qh6 24. h4 Be3 25. Nb3 Nxc1 26. Nxc1 Rxd1+ 27. Qxd1 Qb6 28.
Nb3 Qxb5+ 29. Ke1 a5 30. Qc2 a4 31. Nd2 a3 32. b3 Bxd2+ 33. Qxd2 e3 34. Qc2 Bxg2
35. Qxg2 Qd3 36. Rc1 h5 37. Qe2 Qe4 38. Rd1 Qh1+ 39. Qf1 Qxf1+ 40. Kxf1 Rxc3 41.
Rd8+ Kh7 42. Ra8 Rc1+ 43. Ke2 Rc2+ 44. Kxe3 Rxa2 45. Kd3 Ra1 46. Kc2 e4 47. Re8
Re1 48. Ra8 a2 49. Kb2 a1=Q+ 0-1